Buster Keaton / (Record no. 62929)

MARC details
000 -LEADER
campo de control de longitud fija 00890nam a2200253 i 4500
001 - NÚMERO DE CONTROL
campo de control 62929
003 - IDENTIFICADOR DE NÚMERO DE CONTROL
campo de control ES-MaACL
005 - FECHA Y HORA DE LA ÚLTIMA TRANSACCIÓN
campo de control 20250916063044.0
007 - CAMPO FIJO DE DESCRIPCIÓN FÍSICA--INFORMACIÓN GENERAL
campo de control de longitud fija t|
008 - DATOS DE LONGITUD FIJA--INFORMACIÓN GENERAL
campo de control de longitud fija 031126s1967 sp ||||1| spa d
017 ## - NÚMERO DE COPYRIGHT O DE DEPÓSITO LEGAL
Número de copyright o de depósito legal M 3897-1967
Agencia que asigna Oficina Depósito Legal Madrid
040 ## - FUENTE DE CATALOGACIÓN
Centro/agencia transcriptor ES-MaACL
100 1# - ENTRADA PRINCIPAL--NOMBRE DE PERSONA
Nombre de persona Fernández Cuenca, Carlos,
Fechas asociadas al nombre 1904-1977
9 (RLIN) 49611
Término indicativo de función/relación Autor
245 10 - MENCIÓN DEL TÍTULO
Título Buster Keaton /
Mención de responsabilidad, etc. Carlos Fernández Cuenca.
260 ## - PUBLICACIÓN, DISTRIBUCIÓN, ETC.
Lugar de publicación, distribución, etc. Madrid :
Nombre del editor, distribuidor, etc. Filmoteca Nacional de España,
Fecha de publicación, distribución, etc. 1967.
300 ## - DESCRIPCIÓN FÍSICA
Extensión 142 páginas ;
Dimensiones 21 cm.
600 14 - PUNTO DE ACCESO ADICIONAL DE MATERIA--NOMBRE DE PERSONA
Nombre de persona Keaton, Buster
9 (RLIN) 67697
650 #7 - PUNTO DE ACCESO ADICIONAL DE MATERIA--TÉRMINO DE MATERIA
Fuente del encabezamiento o término embne
9 (RLIN) 11010
Término de materia o nombre geográfico como elemento de entrada Cine
852 ## - LOCALIZACIÓN
Ubicación ES-MaACL
Número de control de estantería C-49908
Sublocalización o colección R.68505
itemnumber 65314
Ubicación en estantería Depósito 2
Encuadernación Encuadernación rústica
852 ## - LOCALIZACIÓN
Ubicación ES-MaACL
Número de control de estantería C-32067
Sublocalización o colección R.62765
Ubicación en estantería Depósito 2
itemnumber 65313
Encuadernación Encuadernación rústica
942 ## - ELEMENTOS DE ENTRADA SECUNDARIOS (KOHA)
Tipo de ítem Koha Libro impreso
Suprimir en OPAC No
Holdings
Estatus retirado Estado de pérdida Estado de daño No para préstamo Biblioteca de origen Biblioteca actual Ubicación en estantería Fecha de adquisición Fuente de adquisición Total de préstamos Signatura topográfica completa Código de barras Visto por última vez Precio de reemplazo Tipo de ítem Koha
        Biblioteca del Ateneo de Madrid Biblioteca del Ateneo de Madrid Depósito 2 17/01/2008     C-32067 1065971 23/02/2023 23/02/2023 Libro impreso
        Biblioteca del Ateneo de Madrid Biblioteca del Ateneo de Madrid Depósito 2 17/01/2008     C-49908 1065970 23/02/2023 23/02/2023 Libro impreso